000 00346nam a2200157Ia 4500
100 _aTheraja/B.L.
490 _vII
942 _cBK
654 _aEngineering
245 _aA Text Book Of Electrical Technology
260 _bNirja construction
_aNew Delhi
_c1987
082 _a621.3
_bTHE
300 _a1120
546 _aENGLISH
999 _c24726
_d24726